All 50k+ Cities in Nicaragua with a Map - Statistics

General Stats
  • This quiz has been taken 589 times
  • The average score is 6 of 15
Answers on the Map
Answers color-coded by a green-red scale on the quiz's map according to % correct below.
 
Answer Stats
Population City % Correct
1,041,145 Managua
99%
172,148 León
61%
54,532 Bluefields
48%
102,872 Granada
48%
108,138 Estelí
44%
132,059 Masaya
41%
108,052 Matagalpa
40%
112,727 Chinandega
37%
54,633 Jinotega
35%
77,871 Puerto Cabezas
34%
137,519 Tipitapa
32%
118,834 Ciudad Sandino
30%
52,596 Juigalpa
28%
51,019 El Viejo
23%
53,971 Mateare
22%
No matching quizzes found
Score Distribution
Percent of People with Each Score
Percentile by Number Answered
Your Score History
You have not taken this quiz